000 00438nam a2200169Ia 4500
008 230711s9999||||xx |||||||||||||| ||und||
020 _a978-81-203-3523-3
041 _aENG
082 _a621.106
_bDA-F
100 _aDas,Madan Mohan
245 0 _aFluid Mechanics and Turbomachines
250 _a1st Ed.
260 _c2009
_aNew Delhi
_bPHI Learning Private Limited
300 _a538p.
650 _aMechanical Engineering
942 _cBK
999 _c6691
_d6691